00815 2200277 4500001002100000005001500021035002000036007000300056008004100059020001800100082001000118084001600128100001700144245009000161250001600251260003000267300002800297650001000325500009100335700001800426700002500444504003100469990001100500990001300511990001300524INLIS00000000000073220200204013843 a0010-1017000286ta200204 f 0 ind  a979-3465-96-4 a297.4 a297.4 GEM h1 aGEMALA, Dewi1 aHukum Perikatan Islam di Indonesia /cGemala Dewi, Wirdyaningsih, Yeni Salma Barlinti aed.1, cet.3 aJakarta :bKencana,c2007 axvi, 237 hlm. ;c23 cm. 4aISLAM aDiterbitkan Atas Kerja Sama dengan Badan Penerbit Fakultas Hukum Universitas Indonesia0 aWIRDYANINGSIH0 aYENI, Salma Barlinti aBibliografi : hlm. 233-237 a107101 a107101 a a107101 b